Rabindranath & Sri Aurobindo- Two heavenly germs on earth/ (Record no. 211267)

MARC details
000 -LEADER
fixed length control field 00560nam a22001697a 4500
010 ## - LCCN (DPL NO)
LC control number ENG-144875
020 ## - INTERNATIONAL STANDARD BOOK NUMBER
International Standard Book Number 9788185984827
Terms of availability 400.00
035 ## - SYSTEM CONTROL NUMBER
System control number EN-128407
037 ## - SOURCE OF ACQUISITION
Source of stock number/acquisition DBAD
082 ## - DEWEY DECIMAL CLASSIFICATION NUMBER
Classification number 921
100 ## - MAIN ENTRY--PERSONAL NAME
Personal name Mani, M. K.
245 ## - TITLE STATEMENT
Title Rabindranath & Sri Aurobindo- Two heavenly germs on earth/
Statement of responsibility, etc Janganmoy Bandyopandhyay
260 ## - PUBLICATION, DISTRIBUTION, ETC. (IMPRINT)
Place of publication, distribution, etc Calcutta
Name of publisher, distributor, etc Sigma Publications
Date of publication, distribution, etc 2018
270 ## - ADDRESS
Address Barnaparichay Books Market, 1st Floor (AI) College Street
City Culcutta
Postal code 700005
300 ## - PHYSICAL DESCRIPTION
Extent xii;177p.
Dimensions 24cm.(HB)
942 ## - ADDED ENTRY ELEMENTS (KOHA)
Source of classification or shelving scheme Dewey Decimal Classification
Item type English Books
Classification part 921
Call number suffix MAN
Holdings
Withdrawn status Lost status Not for loan Collection code Home library Current library Date acquired Cost, normal purchase price Full call number Barcode Copy number Koha item type
    Not For Loan Non-fiction D.B.Act.Division D.B.Act.Division 14/05/2025 400.00 921 MAN EN-128407 1 English Books

© Delhi Public Library
Hit Counter
free hit counter